[Event "Moscow op-B 04th"]
[Site "Moscow"]
[Date "2008.02.05"]
[Round "4"]
[White "Rozhkov, Viacheslav"]
[Black "Koroshchenko, Sergey"]
[Result "1/2-1/2"]
[WhiteElo "2209"]
[BlackElo "2293"]
[PlyCount "34"]
[EventDate "2008.02.02"]
[EventType "swiss"]
[EventRounds "9"]
[EventCountry "RUS"]
[SourceTitle "CBM 122 Extra"]
[Source "ChessBase"]
[SourceDate "2008.03.04"]
[SourceVersion "1"]
[SourceVersionDate "2008.03.04"]
[SourceQuality "1"]

1. e4 d5 2. exd5 Qxd5 3. Nc3 Qa5 4. g3 Nf6 5. Bg2 c6 6. Nf3 Bf5 7. 0-0 h6 8. b4 Qd8 9. b5 a6 10. bxc6 Nxc6 11. Rb1 Qc7 12. Ba3 e6 13. Bxf8 Kxf8 14. Qc1 Kg8 15. Qb2 Rb8 16. a4 Kh7 17. Nh4 Rhd8 1/2-1/2